| 000 | 00384nam a22001337a 4500 | ||
|---|---|---|---|
| 003 | NUST | ||
| 082 | _a891.4393,WAS | ||
| 100 |
_aWasif, Wasif Ali _915769 |
||
| 245 |
_aHarf Harf Haqeeqat ( حرف حرف حقیقت ) / _cWasif Ali Wasif, |
||
| 260 |
_6Kashif Ali Publication _bLahore _c2019 |
||
| 300 | _a176 p.: | ||
| 610 |
_aUrdu Literature _9100726 |
||
| 942 |
_2ddc _cBK _k891.4393,WAS |
||
| 999 |
_c591907 _d591907 |
||